000 00919cab a22001935a 4500
001 L142637
008 080226s2008 xxkad f s 000 0 eng d
035 _a(Sirsi) u142637
041 0 _aeng
100 1 _aAppel-Meulenbroek, Rianne
245 0 0 _aManaging to "keep" factors of office tenants to raise satisfaction and loyalty
260 _c2008
490 0 _aProperty Management
_v26(1) 2008, 43-55(13)
520 _aExplores the effect of office (location and building) "keep", push and pull factors on satisfaction and tenant loyalty. Finds that retaining tenants demands more than simply value for money. The keep factors are mainly functional; push and pull mainly technical, but they can only raise satisfaction to a certain level.
590 _aKA
651 4 _aEurope
690 _aPROPERTY-COMMERCIAL PROPERTY- LEASEHOLD COMMERCIAL PROPERTY-COMMERCIAL LANDLORD AND TENANT-BUSINESS TENANCIES
942 _n0
999 _c79883
_d79883